Architect and contractor attitudes to waste minimisation (Record no. 78611)

MARC details
000 -LEADER
fixed length control field 01043cab a22002295a 4500
001 - CONTROL NUMBER
control field L137459
008 - FIXED-LENGTH DATA ELEMENTS--GENERAL INFORMATION
fixed length control field 070405s2006 xxkd f 000 0 eng d
035 ## - SYSTEM CONTROL NUMBER
System control number (Sirsi) u137459
041 0# - LANGUAGE CODE
Language code of text/sound track or separate title eng
100 1# - MAIN ENTRY--PERSONAL NAME
Personal name Osmani, Mohamed
245 00 - TITLE STATEMENT
Title Architect and contractor attitudes to waste minimisation
260 ## - PUBLICATION, DISTRIBUTION, ETC.
Date of publication, distribution, etc. 2006
490 ## - SERIES STATEMENT
Series statement Waste Management
520 ## - SUMMARY, ETC.
Summary, etc. Investigates the integration of waste minimisation strategies into current design processes, examining contractors? existing waste management practices and establishing responsibilities for, and barriers to, managing waste minimisation. It is revealed that very few attempts are made to reduce waste during the design process, but that contractors are taking a more proactive approach to managing on-site waste production.
590 ## - LOCAL NOTE (RLIN)
Local note KA
650 24 - SUBJECT ADDED ENTRY--TOPICAL TERM
Topical term or geographic name entry element CONSTRUCTION INDUSTRY
651 #4 - SUBJECT ADDED ENTRY--GEOGRAPHIC NAME
Geographic name United Kingdom
Chronological subdivision
690 ## - LOCAL SUBJECT ADDED ENTRY--TOPICAL TERM (OCLC, RLIN)
Topical term or geographic name as entry element BUILT ENVIRONMENT-CONSTRUCTION MANAGEMENT-CONSTRUCTION DESIGN AND MANAGEMENT
700 1# - ADDED ENTRY--PERSONAL NAME
Personal name Glass, Jacqueline
700 1# - ADDED ENTRY--PERSONAL NAME
Personal name Price, Andrew
942 ## - ADDED ENTRY ELEMENTS (KOHA)
Suppress in OPAC 0
Holdings
Withdrawn status Lost status Source of classification or shelving scheme Damaged status Not for loan Home library Current library Shelving location Date acquired Total Checkouts Full call number Barcode Date last seen Copy number Price effective from Koha item type
    Dewey Decimal Classification     London London Journal article 05/04/2007   L137459 137459-1001 06/08/2019 1 06/08/2019 Journal article